<?xml version="1.0" encoding="UTF-8"?>
<record
    xmlns:xsi="http://www.w3.org/2001/XMLSchema-instance"
    xsi:schemaLocation="http://www.loc.gov/MARC21/slim http://www.loc.gov/standards/marcxml/schema/MARC21slim.xsd"
    xmlns="http://www.loc.gov/MARC21/slim">

  <leader>01099nam a22002657a 4500</leader>
  <datafield tag="999" ind1=" " ind2=" ">
    <subfield code="c">100290</subfield>
    <subfield code="d">100290</subfield>
  </datafield>
  <controlfield tag="005">20230301122157.0</controlfield>
  <datafield tag="010" ind1=" " ind2=" ">
    <subfield code="a"> 1617EN        ENG-115273  ENG-136263</subfield>
  </datafield>
  <datafield tag="020" ind1=" " ind2=" ">
    <subfield code="a">9788120352247</subfield>
    <subfield code="c">395.00</subfield>
  </datafield>
  <datafield tag="035" ind1=" " ind2=" ">
    <subfield code="a">B-653425-437</subfield>
  </datafield>
  <datafield tag="035" ind1=" " ind2=" ">
    <subfield code="a">B-669744</subfield>
  </datafield>
  <datafield tag="035" ind1=" " ind2=" ">
    <subfield code="a">EN-98805  EN-119795</subfield>
  </datafield>
  <datafield tag="037" ind1=" " ind2=" ">
    <subfield code="b">ABC</subfield>
    <subfield code="a">dpl</subfield>
  </datafield>
  <datafield tag="037" ind1=" " ind2=" ">
    <subfield code="b">DBAD/PUB</subfield>
  </datafield>
  <datafield tag="082" ind1=" " ind2=" ">
    <subfield code="a">005</subfield>
  </datafield>
  <datafield tag="100" ind1=" " ind2=" ">
    <subfield code="a">Sinha, Pradeep K.</subfield>
  </datafield>
  <datafield tag="245" ind1=" " ind2=" ">
    <subfield code="a">Information technology :</subfield>
    <subfield code="b">theory and practice /</subfield>
    <subfield code="c">by Pradeep K. Sinha [and] Priti Sinha</subfield>
  </datafield>
  <datafield tag="260" ind1=" " ind2=" ">
    <subfield code="a">Dellhi</subfield>
    <subfield code="b">PHI Learning</subfield>
    <subfield code="c">2016</subfield>
  </datafield>
  <datafield tag="270" ind1=" " ind2=" ">
    <subfield code="a">Rimjhim House, 111, Patparganj Industrial Estate</subfield>
    <subfield code="b">Delhi</subfield>
    <subfield code="e">110092</subfield>
  </datafield>
  <datafield tag="300" ind1=" " ind2=" ">
    <subfield code="a">xxviii,420p :</subfield>
    <subfield code="b">ill .</subfield>
    <subfield code="c">25cm(pbk)</subfield>
  </datafield>
  <datafield tag="500" ind1=" " ind2=" ">
    <subfield code="a">Includes index</subfield>
  </datafield>
  <datafield tag="700" ind1=" " ind2=" ">
    <subfield code="a">Sinha,Priti</subfield>
  </datafield>
  <datafield tag="942" ind1=" " ind2=" ">
    <subfield code="2">ddc</subfield>
    <subfield code="c">EN</subfield>
    <subfield code="m">SIN</subfield>
    <subfield code="h">005</subfield>
  </datafield>
  <datafield tag="952" ind1=" " ind2=" ">
    <subfield code="0">0</subfield>
    <subfield code="1">0</subfield>
    <subfield code="4">0</subfield>
    <subfield code="7">1</subfield>
    <subfield code="8">NFIC</subfield>
    <subfield code="a">DBAD</subfield>
    <subfield code="b">DBAD</subfield>
    <subfield code="d">2016-06-13</subfield>
    <subfield code="e">DBAD/PUB</subfield>
    <subfield code="g">395.00</subfield>
    <subfield code="l">0</subfield>
    <subfield code="o">005 SIN</subfield>
    <subfield code="p">EN-98805</subfield>
    <subfield code="r">2016-06-13 00:00:00</subfield>
    <subfield code="t">1</subfield>
    <subfield code="v">395.00</subfield>
    <subfield code="w">2016-06-13</subfield>
    <subfield code="y">EN</subfield>
  </datafield>
  <datafield tag="952" ind1=" " ind2=" ">
    <subfield code="0">0</subfield>
    <subfield code="1">0</subfield>
    <subfield code="4">0</subfield>
    <subfield code="7">0</subfield>
    <subfield code="8">NFIC</subfield>
    <subfield code="a">L</subfield>
    <subfield code="b">L</subfield>
    <subfield code="d">2017-02-16</subfield>
    <subfield code="e">BPPD/EN/2016-17/286/24.11.2016/4983/28.11.2016/4.1.2017</subfield>
    <subfield code="g">395.00</subfield>
    <subfield code="l">16</subfield>
    <subfield code="m">4</subfield>
    <subfield code="o">005 SIN</subfield>
    <subfield code="p">B-653425</subfield>
    <subfield code="r">2023-03-01 00:00:00</subfield>
    <subfield code="s">2023-02-15</subfield>
    <subfield code="t">1</subfield>
    <subfield code="v">395.00</subfield>
    <subfield code="w">2017-02-16</subfield>
    <subfield code="y">EN</subfield>
  </datafield>
  <datafield tag="952" ind1=" " ind2=" ">
    <subfield code="0">0</subfield>
    <subfield code="1">0</subfield>
    <subfield code="4">0</subfield>
    <subfield code="7">0</subfield>
    <subfield code="8">NFIC</subfield>
    <subfield code="a">NPL</subfield>
    <subfield code="b">NPL</subfield>
    <subfield code="d">2017-02-16</subfield>
    <subfield code="e">BPPD/EN/2016-17/286/24.11.2016/4983/28.11.2016/4.1.2017</subfield>
    <subfield code="g">395.00</subfield>
    <subfield code="l">0</subfield>
    <subfield code="o">005 SIN</subfield>
    <subfield code="p">B-653426</subfield>
    <subfield code="r">2017-02-16 00:00:00</subfield>
    <subfield code="t">1</subfield>
    <subfield code="v">395.00</subfield>
    <subfield code="y">EN</subfield>
  </datafield>
  <datafield tag="952" ind1=" " ind2=" ">
    <subfield code="0">0</subfield>
    <subfield code="1">0</subfield>
    <subfield code="4">0</subfield>
    <subfield code="7">0</subfield>
    <subfield code="8">NFIC</subfield>
    <subfield code="a">BL1</subfield>
    <subfield code="b">BL1</subfield>
    <subfield code="d">2017-02-16</subfield>
    <subfield code="e">BPPD/EN/2016-17/286/24.11.2016/4983/28.11.2016/4.1.2017</subfield>
    <subfield code="g">395.00</subfield>
    <subfield code="l">4</subfield>
    <subfield code="m">1</subfield>
    <subfield code="o">005 SIN</subfield>
    <subfield code="p">B-653427</subfield>
    <subfield code="r">2024-09-11 00:00:00</subfield>
    <subfield code="s">2024-06-13</subfield>
    <subfield code="t">1</subfield>
    <subfield code="v">395.00</subfield>
    <subfield code="y">EN</subfield>
  </datafield>
  <datafield tag="952" ind1=" " ind2=" ">
    <subfield code="0">0</subfield>
    <subfield code="1">0</subfield>
    <subfield code="4">0</subfield>
    <subfield code="7">0</subfield>
    <subfield code="8">NFIC</subfield>
    <subfield code="a">JP</subfield>
    <subfield code="b">JP</subfield>
    <subfield code="d">2017-02-16</subfield>
    <subfield code="e">BPPD/EN/2016-17/286/24.11.2016/4983/28.11.2016/4.1.2017</subfield>
    <subfield code="g">395.00</subfield>
    <subfield code="l">5</subfield>
    <subfield code="o">005 SIN</subfield>
    <subfield code="p">B-653428</subfield>
    <subfield code="r">2019-11-02 00:00:00</subfield>
    <subfield code="s">2019-10-09</subfield>
    <subfield code="t">1</subfield>
    <subfield code="v">395.00</subfield>
    <subfield code="y">EN</subfield>
  </datafield>
  <datafield tag="952" ind1=" " ind2=" ">
    <subfield code="0">0</subfield>
    <subfield code="1">0</subfield>
    <subfield code="4">0</subfield>
    <subfield code="7">0</subfield>
    <subfield code="8">NFIC</subfield>
    <subfield code="a">ZLS</subfield>
    <subfield code="b">ZLS</subfield>
    <subfield code="d">2017-02-16</subfield>
    <subfield code="e">BPPD/EN/2016-17/286/24.11.2016/4983/28.11.2016/4.1.2017</subfield>
    <subfield code="g">395.00</subfield>
    <subfield code="l">5</subfield>
    <subfield code="m">7</subfield>
    <subfield code="o">005 SIN</subfield>
    <subfield code="p">B-653429</subfield>
    <subfield code="r">2019-10-09 00:00:00</subfield>
    <subfield code="s">2019-09-26</subfield>
    <subfield code="t">1</subfield>
    <subfield code="v">395.00</subfield>
    <subfield code="y">EN</subfield>
  </datafield>
  <datafield tag="952" ind1=" " ind2=" ">
    <subfield code="0">0</subfield>
    <subfield code="1">0</subfield>
    <subfield code="4">0</subfield>
    <subfield code="7">0</subfield>
    <subfield code="8">NFIC</subfield>
    <subfield code="a">SP</subfield>
    <subfield code="b">SP</subfield>
    <subfield code="d">2017-02-16</subfield>
    <subfield code="e">BPPD/EN/2016-17/286/24.11.2016/4983/28.11.2016/4.1.2017</subfield>
    <subfield code="g">395.00</subfield>
    <subfield code="l">1</subfield>
    <subfield code="o">005 SIN</subfield>
    <subfield code="p">B-653430</subfield>
    <subfield code="r">2022-12-19 00:00:00</subfield>
    <subfield code="s">2022-12-08</subfield>
    <subfield code="t">1</subfield>
    <subfield code="v">395.00</subfield>
    <subfield code="y">EN</subfield>
  </datafield>
  <datafield tag="952" ind1=" " ind2=" ">
    <subfield code="0">0</subfield>
    <subfield code="1">0</subfield>
    <subfield code="4">0</subfield>
    <subfield code="7">0</subfield>
    <subfield code="8">NFIC</subfield>
    <subfield code="a">BL3</subfield>
    <subfield code="b">BL3</subfield>
    <subfield code="d">2017-02-16</subfield>
    <subfield code="e">BPPD/EN/2016-17/286/24.11.2016/4983/28.11.2016/4.1.2017</subfield>
    <subfield code="g">395.00</subfield>
    <subfield code="l">0</subfield>
    <subfield code="o">005 SIN</subfield>
    <subfield code="p">B-653431</subfield>
    <subfield code="r">2017-02-16 00:00:00</subfield>
    <subfield code="t">1</subfield>
    <subfield code="v">395.00</subfield>
    <subfield code="y">EN</subfield>
  </datafield>
  <datafield tag="952" ind1=" " ind2=" ">
    <subfield code="0">0</subfield>
    <subfield code="1">0</subfield>
    <subfield code="4">0</subfield>
    <subfield code="7">0</subfield>
    <subfield code="8">NFIC</subfield>
    <subfield code="a">NRR</subfield>
    <subfield code="b">NRR</subfield>
    <subfield code="d">2017-02-16</subfield>
    <subfield code="e">BPPD/EN/2016-17/286/24.11.2016/4983/28.11.2016/4.1.2017</subfield>
    <subfield code="g">395.00</subfield>
    <subfield code="l">1</subfield>
    <subfield code="o">005 SIN</subfield>
    <subfield code="p">B-653432</subfield>
    <subfield code="r">2023-11-16 00:00:00</subfield>
    <subfield code="s">2023-10-18</subfield>
    <subfield code="t">1</subfield>
    <subfield code="v">395.00</subfield>
    <subfield code="y">EN</subfield>
  </datafield>
  <datafield tag="952" ind1=" " ind2=" ">
    <subfield code="0">0</subfield>
    <subfield code="1">0</subfield>
    <subfield code="4">0</subfield>
    <subfield code="7">0</subfield>
    <subfield code="8">NFIC</subfield>
    <subfield code="a">BN</subfield>
    <subfield code="b">BN</subfield>
    <subfield code="d">2017-02-16</subfield>
    <subfield code="e">BPPD/EN/2016-17/286/24.11.2016/4983/28.11.2016/4.1.2017</subfield>
    <subfield code="g">395.00</subfield>
    <subfield code="l">1</subfield>
    <subfield code="o">005 SIN</subfield>
    <subfield code="p">B-653433</subfield>
    <subfield code="r">2019-08-17 00:00:00</subfield>
    <subfield code="s">2019-08-14</subfield>
    <subfield code="t">1</subfield>
    <subfield code="v">395.00</subfield>
    <subfield code="y">EN</subfield>
  </datafield>
  <datafield tag="952" ind1=" " ind2=" ">
    <subfield code="0">0</subfield>
    <subfield code="1">0</subfield>
    <subfield code="4">0</subfield>
    <subfield code="7">0</subfield>
    <subfield code="8">NFIC</subfield>
    <subfield code="a">NR</subfield>
    <subfield code="b">NR</subfield>
    <subfield code="d">2017-02-16</subfield>
    <subfield code="e">BPPD/EN/2016-17/286/24.11.2016/4983/28.11.2016/4.1.2017</subfield>
    <subfield code="g">395.00</subfield>
    <subfield code="l">0</subfield>
    <subfield code="o">005 SIN</subfield>
    <subfield code="p">B-653434</subfield>
    <subfield code="r">2017-02-16 00:00:00</subfield>
    <subfield code="t">1</subfield>
    <subfield code="v">395.00</subfield>
    <subfield code="y">EN</subfield>
  </datafield>
  <datafield tag="952" ind1=" " ind2=" ">
    <subfield code="0">0</subfield>
    <subfield code="1">0</subfield>
    <subfield code="4">0</subfield>
    <subfield code="7">0</subfield>
    <subfield code="8">NFIC</subfield>
    <subfield code="a">BN</subfield>
    <subfield code="b">BN</subfield>
    <subfield code="d">2017-02-16</subfield>
    <subfield code="e">BPPD/EN/2016-17/286/24.11.2016/4983/28.11.2016/4.1.2017</subfield>
    <subfield code="g">395.00</subfield>
    <subfield code="l">1</subfield>
    <subfield code="m">0</subfield>
    <subfield code="o">005 SIN</subfield>
    <subfield code="p">B-653435</subfield>
    <subfield code="r">2019-08-17 00:00:00</subfield>
    <subfield code="s">2019-08-17</subfield>
    <subfield code="t">1</subfield>
    <subfield code="v">395.00</subfield>
    <subfield code="y">EN</subfield>
  </datafield>
  <datafield tag="952" ind1=" " ind2=" ">
    <subfield code="0">0</subfield>
    <subfield code="1">0</subfield>
    <subfield code="4">0</subfield>
    <subfield code="7">0</subfield>
    <subfield code="8">NFIC</subfield>
    <subfield code="a">BL4</subfield>
    <subfield code="b">BL4</subfield>
    <subfield code="d">2017-02-16</subfield>
    <subfield code="e">BPPD/EN/2016-17/286/24.11.2016/4983/28.11.2016/4.1.2017</subfield>
    <subfield code="g">395.00</subfield>
    <subfield code="l">5</subfield>
    <subfield code="m">2</subfield>
    <subfield code="o">005 SIN</subfield>
    <subfield code="p">B-653436</subfield>
    <subfield code="r">2024-03-23 00:00:00</subfield>
    <subfield code="s">2024-03-16</subfield>
    <subfield code="t">1</subfield>
    <subfield code="v">395.00</subfield>
    <subfield code="y">EN</subfield>
  </datafield>
  <datafield tag="952" ind1=" " ind2=" ">
    <subfield code="0">0</subfield>
    <subfield code="1">0</subfield>
    <subfield code="4">0</subfield>
    <subfield code="7">0</subfield>
    <subfield code="8">NFIC</subfield>
    <subfield code="a">YV</subfield>
    <subfield code="b">YV</subfield>
    <subfield code="d">2017-02-16</subfield>
    <subfield code="e">BPPD/EN/2016-17/286/24.11.2016/4983/28.11.2016/4.1.2017</subfield>
    <subfield code="g">395.00</subfield>
    <subfield code="l">0</subfield>
    <subfield code="o">005 SIN</subfield>
    <subfield code="p">B-653437</subfield>
    <subfield code="r">2017-02-16 00:00:00</subfield>
    <subfield code="t">1</subfield>
    <subfield code="v">395.00</subfield>
    <subfield code="y">EN</subfield>
  </datafield>
  <datafield tag="952" ind1=" " ind2=" ">
    <subfield code="0">0</subfield>
    <subfield code="1">0</subfield>
    <subfield code="4">0</subfield>
    <subfield code="7">0</subfield>
    <subfield code="8">NFIC</subfield>
    <subfield code="a">AV</subfield>
    <subfield code="b">AV</subfield>
    <subfield code="d">2017-04-28</subfield>
    <subfield code="e">BPPD/EN/2016-17/AV/16-17/452/15.2.2017/5068/7.3.2017/ 24.3.2017</subfield>
    <subfield code="g">395.00</subfield>
    <subfield code="l">6</subfield>
    <subfield code="m">1</subfield>
    <subfield code="o">005 SIN</subfield>
    <subfield code="p">B-669744</subfield>
    <subfield code="r">2023-11-25 00:00:00</subfield>
    <subfield code="s">2023-11-14</subfield>
    <subfield code="t">1</subfield>
    <subfield code="v">395.00</subfield>
    <subfield code="w">2017-04-28</subfield>
    <subfield code="y">EN</subfield>
  </datafield>
  <datafield tag="952" ind1=" " ind2=" ">
    <subfield code="0">0</subfield>
    <subfield code="1">0</subfield>
    <subfield code="4">0</subfield>
    <subfield code="7">0</subfield>
    <subfield code="8">NFIC</subfield>
    <subfield code="a">KV</subfield>
    <subfield code="b">KV</subfield>
    <subfield code="d">2023-02-28</subfield>
    <subfield code="e">DBAD/PUB</subfield>
    <subfield code="g">395.00</subfield>
    <subfield code="l">0</subfield>
    <subfield code="o">005 SIN</subfield>
    <subfield code="p">EN-119795</subfield>
    <subfield code="r">2023-02-28 00:00:00</subfield>
    <subfield code="t">1</subfield>
    <subfield code="v">395.00</subfield>
    <subfield code="y">EN</subfield>
  </datafield>
</record>
